| 000 | 00733nam a2200229 a 4500 | ||
|---|---|---|---|
| 005 | 20210223125214.0 | ||
| 008 | 031031s1985 es r 000 0 spa d | ||
| 020 | _a8434581876 | ||
| 035 | _aUPN01000130559 | ||
| 049 | _aCG | ||
| 050 | 4 |
_aDG552.8 G3 _bV5.3 |
|
| 100 | 1 | _aViotti, Andrea | |
| 245 | 1 | 0 |
_aGaribaldi / _cAndrea Viotti ; tr. Pilar Bosques Sendra. |
| 260 |
_aBarcelona, Esp. : _bSalvat, _c1985. |
||
| 300 | _a221 p. | ||
| 440 | 0 |
_aBiblioteca Salvat de grandes biografías ; _v42 |
|
| 534 |
_pTraducción de: _tGaribaldi, the revolutionary and his men |
||
| 650 | 4 |
_aREVOLUCIONES - _zITALIA - _y1914 |
|
| 651 | 4 |
_aITALIA - _xHISTORIA - _y1870-1914 |
|
| 600 | 1 | 4 |
_aGARIBALDI, GIUSEPPE, _d1807-1882 _922635 |
| 905 | _aLibro | ||
| 999 |
_c102716 _d102716 |
||